| 000 | 00351nam a22001457a 4500 | ||
|---|---|---|---|
| 020 | _a978-81-313-1310-7 | ||
| 041 | _aENG | ||
| 100 | _aKirubakaran.V | ||
| 245 | _aRenewable Energy And Energy Conservation | ||
| 260 |
_aDelhi _bA P H Pub Corporation _c2010 |
||
| 300 | _a108 | ||
| 650 | _aEOES | ||
| 700 | _aSeerangarajan.R | ||
| 856 | _uEOES ( 11 ) | ||
| 999 |
_c1188 _d1188 |
||